| 000 | 00518nam a22001697a 4500 | ||
|---|---|---|---|
| 005 | 20251108164947.0 | ||
| 008 | 250721s1992 xx 000 0 ara d | ||
| 082 | 1 | 4 | _a967.73/علي |
| 100 | 1 | _aأبو بكر، علي الشيخ أحمد | |
| 245 | 1 | 0 | _aالصومال و جذور المأساة الراهنة / |
| 264 | 1 |
_aبيروت : _bدار إبن حزم، _c1992. |
|
| 300 | _a261ص | ||
| 650 | 1 | 7 | _aتاريخ الصومال |
| 650 | 1 | 7 | _aالتاريخ السياسي |
| 942 |
_2ddc _cBK |
||
| 999 |
_c18475 _d18475 |
||